V Centenario de la Imprenta (Record no. 43305)

MARC details
000 -LEADER
campo de control de longitud fija 00702nam a2200169 i 4500
001 - NÚMERO DE CONTROL
campo de control 43305
003 - IDENTIFICADOR DE NÚMERO DE CONTROL
campo de control ES-MaACL
005 - FECHA Y HORA DE LA ÚLTIMA TRANSACCIÓN
campo de control 20230906160753.0
007 - CAMPO FIJO DE DESCRIPCIÓN FÍSICA--INFORMACIÓN GENERAL
campo de control de longitud fija t|
008 - DATOS DE LONGITUD FIJA--INFORMACIÓN GENERAL
campo de control de longitud fija 030317s1974 sp ||||1| spa d
100 1# - ENTRADA PRINCIPAL--NOMBRE DE PERSONA
Nombre de persona Gómez Gómez, María del Pilar.
9 (RLIN) 164598
245 10 - MENCIÓN DEL TÍTULO
Título V Centenario de la Imprenta
Resto del título : Catálogo de la Exposición Bibliográfica y crónica de la conmemoración [Celebrada en la Biblioteca General de la Universidad de Valencia del 15 al 31 de octubre de 1974].
260 ## - PUBLICACIÓN, DISTRIBUCIÓN, ETC.
Lugar de publicación, distribución, etc. Valencia :
Nombre del editor, distribuidor, etc. [Patronato Nacional del V Centenario de la Imprenta],
Fecha de publicación, distribución, etc. 1974.
300 ## - DESCRIPCIÓN FÍSICA
Extensión 253 p., 5 lám. ;
Dimensiones 21 cm.
650 #4 - PUNTO DE ACCESO ADICIONAL DE MATERIA--TÉRMINO DE MATERIA
Término de materia o nombre geográfico como elemento de entrada Imprenta-
Subdivisión geográfica España-
Subdivisión de forma Historia.
9 (RLIN) 155171
852 ## - LOCALIZACIÓN
Ubicación ES-MaACL
Número de control de estantería E-8177
Sublocalización o colección R.92392
Holdings
Estatus retirado Estado de pérdida Fuente del sistema de clasificación o colocación Estado de daño No para préstamo Colección Biblioteca de origen Biblioteca actual Ubicación en estantería Fecha de adquisición Total de préstamos Signatura topográfica completa Código de barras Visto por última vez Precio de reemplazo Tipo de ítem Koha
    Clasificación decimal universal     Biblioteca profesional Biblioteca del Ateneo de Madrid Biblioteca del Ateneo de Madrid Depósito 2 17/01/2008   E-8177 1045588 23/02/2023 23/02/2023 Libro impreso